Gobierno. Presidente de la República: libro homenaje al profesor Hernán Molina Guaita

Gespeichert in:
Bibliographische Detailangaben
Körperschaft: Asociación Chilena de Derecho Constitucional (VerfasserIn)
Format: Buch
Sprache:Spanisch
Veröffentlicht: Santiago Juridica de Chile 2014
Ausgabe:1a. ed
Schriftenreihe:Colección de Derecho Constitucional
Schlagworte:
Tags: Tag hinzufügen
Keine Tags, Fügen Sie den ersten Tag hinzu!

MARC

LEADER 00000cam a2200000 a 4500
001 UCE4002
003 CL-VaPUC
008 141003e20140000cl |||||||||||||||||spa|d
020 |a 9789561023048 
082 0 4 |a 320.4  |b ASO  |2 21 
110 2 |a Asociación Chilena de Derecho Constitucional  |e author  |9 576562 
245 1 0 |a Gobierno. Presidente de la República: libro homenaje al profesor Hernán Molina Guaita 
250 |a 1a. ed 
300 |a 312 p 
942 |c BK 
945 |d 20141003 14:18:00  |a arojas 
260 |a Santiago  |b Juridica de Chile  |c 2014 
650 0 |a Estado  |9 255503 
650 0 |a Gobierno   |9 255508 
650 7 |a PRESIDENCIALISMO  |2 CL-VaPUC  |9 316629 
651 7 |a CHILE  |2 CL-VaPUC  |9 576563 
583 |a last modification  |c 20141003 14:18:00  |k Rodrigo Vera 
490 0 |a Colección de Derecho Constitucional 
999 |c 357095  |d 357093 
952 |0 0  |1 0  |3 erb  |4 0  |6 320_400000000000000_ASO_2014  |7 0  |8 A  |9 464912  |a BIBDER  |b BIBDER  |i 511764K  |l 2  |o 320.4 ASO 2014  |p 511764K  |r 2023-01-25  |s 2021-08-06  |w 2019-11-23  |y BK  |z Catalogado en:20141003  |k DER